000
00391nam a22001697a 4500
003
MPLRDC
005
20220104123501.0
008
210129b ||||| |||| 00| 0 eng d
082
_a
528.975 YS
100
_a
隐僧编
245
_a
南苍包争刀
_c
250
_a
初版
260
_a
_b
艺美图书公司
_c
1982
300
_b
平
650
_a
中国武术
942
_c
BK
_o
528.975 YS
999
_c
11789
_d
11779